LEADER 01124nam a2200277 i 4500 001 000000181527 003 CaOOAMICUS 005 20190520124533.0 008 090909s2008 it u000 u ita u 013 $a159398 040 $aSeMil$bita 100 0 $aErasmus, Desiderius ,$d.$0(OLS)http://semarc/name/89173 240 10$aMoriae encomium.$0(OLS)http://semarc/title/419485 245 10$aErasmo da Rotterdam :$b[Elogio ella follia, Colloquia]. 264 1$aMilano :$bMondadori,$c2008. 300 $a1112 p. ;$c18 cm. 490 0 $aI classici del pensiero ;$v7 730 02$aColloquia familiaria.$0(OLS)http://semarc/title/107818 830 2$aI classici del pensiero ;$v7.$0(OLS)http://semarc/title/11565 850 $aSeMil 852 $aSeMil$W1$xVenegono$y1$m2OA VII 49$j212845$B132256$CSeMilBibl$Z2$F144124 $81 900 0 $aErasmo : da Rotterdam. 996 $6245$aErasmo da Rotterdam :$b[Elogio ella follia, Colloquia]$9(OLS)http://semarc/title/141635 996 $6264$aMilano :$bMondadori$9(OLS)http://semarc/publisher/30335 LEADER 00955nam a2200217 i 4500 001 000000108345 003 CaOOAMICUS 005 20101115000000.0 008 101115s2000 it u000 u ita u 013 $a80990 040 $aSeMil$bita 245 10$aGiuseppe Vermiglio :$bun pittore caravaggesco tra Roma e la Lombardia /$ca cura di Daniele Pescarmona ; testi di Francesco Frangi ... [et al.]. 260 $aMilano :$bSkira,$c2000. 300 $a142 p. :$bill. ;$c24X22 cm. 700 1 $aFrangi, Francesco,$d<1962- >.$0(OLS)http://semarc/name/25789 700 1 $aPescarmona, Daniele.$0(OLS)http://semarc/name/23226 850 $aSeMil 852 $aSeMil$W1$xVenegono$y1$m5W VII 74$j64441$B64441$CSeMilBibl$Z2$F156734 $81 961 $aLascito: Calcaterra don Carlo 996 $6245$aGiuseppe Vermiglio :$bun pittore caravaggesco tra Roma e la Lombardia$9(OLS)http://semarc/title/157096 996 $6260$aMilano :$bSkira$9(OLS)http://semarc/publisher/32219